LEADER 01078nam--2200349---450- 001 990001412180203316 005 20070305144217.0 010 $a0-8057-1683-1 035 $a000141218 035 $aUSA01000141218 035 $a(ALEPH)000141218USA01 035 $a000141218 100 $a20040211d1999----km-y0itay50------ba 101 0 $aeng 102 $aUS 105 $ay|||z|||001yy 200 1 $aAfrican American literary criticism, 1773 to 2000$fedited by Hazel Arnett Ervin 210 $aNew York$cTwayne$dcopyr. 1999 215 $aXXIX, 543 p.$d25 cm 606 0 $aLetteratura americana$xAutori negri$z1773-2000 676 $a810.9896073 702 1$aERVIN,$bHazel Arnett 801 0$aIT$bsalbc$gISBD 912 $a990001412180203316 951 $aVII.4.B. 374$b191160 L.M.$cVII.4.$d00123004 959 $aBK 969 $aUMA 979 $aMARIA$b10$c20040211$lUSA01$h1158 979 $aPATRY$b90$c20040406$lUSA01$h1739 979 $aANNAMARIA$b90$c20070305$lUSA01$h1442 996 $aAfrican American literary criticism, 1773 to 2000$9930166 997 $aUNISA LEADER 01841nam 2200421 n 450 001 996394200803316 005 20221108015825.0 035 $a(CKB)4940000000122704 035 $a(EEBO)2240903524 035 $a(UnM)9958860300971 035 $a(EXLCZ)994940000000122704 100 $a19981204d1691 uy 101 0 $aeng 135 $aurbn||||a|bb| 200 10$aBrevissima institutio, seu Ratio grammatices cognoscendae$b[electronic resource] $ead omnium puerorum utilitatem praescripta. Quam solam Regia Majestas in omnibus scholis docendam praecipit 210 $aLondini, $cExcudit Rogerus Nortonus, Regius in Latinis, Graecis & Hebraicis typographus.$d1691 215 $a[1]+ p 300 $aA compilation of texts, primarily by William Lily, with contributions by John Colet, Thomas Robertson, and others. Portions of the text also published separately in various editions. 300 $aFragment: t.p. to "Brevissima institutio" only. 300 $aReproduction of original in the British Library. 330 $aeebo-0018 606 $aLatin language$xGrammar$vEarly works to 1800 606 $aLatin language$xStudy and teaching$vEarly works to 1800 606 $aLatin language$xMetrics and rhythmics$vEarly works to 1800 606 $aLatin language$xSyntax$vEarly works to 1800 615 0$aLatin language$xGrammar 615 0$aLatin language$xStudy and teaching 615 0$aLatin language$xMetrics and rhythmics 615 0$aLatin language$xSyntax 700 $aLily$b William$f1468?-1522.$0841046 701 $aColet$b John$f1467?-1519.$01001149 702 $aRobertson$b Thomas$ffl. 1520-1561, 801 0$bCu-RivES 801 1$bCu-RivES 906 $aBOOK 912 $a996394200803316 996 $aBrevissima institutio, seu Ratio grammatices cognoscendae$92396624 997 $aUNISA